[E]spais : accés als mitjans digitals accés als mitjans digitals
Descripción Física:
21 p. : il. col. ; 29 cm
MARC
| LEADER | 00000nam a2200000Ia 4500 | ||
|---|---|---|---|
| 001 | 21349 | ||
| 003 | BGR | ||
| 005 | 20260324180029.0 | ||
| 008 | 160829s9999 xx 000 0 cat d | ||
| 080 | |a FU-38-7 | ||
| 245 | |a [E]spais : |b accés als mitjans digitals | ||
| 260 | |a Barcelona : |b Diputació de Barcelona. Àrea de Coordinació i Govern Local, [2008?] | ||
| 300 | |a 21 p. : |b il. col. ; |c 29 cm | ||
| 590 | |a A la coberta: Dossier | ||
| 610 | 1 | 0 | |a Barcelona (Catalunya : Província). |b Diputació |9 52408 |
| 650 | |a Intranets (Xarxes d'ordinadors) |9 44362 | ||
| 710 | 1 | |a Barcelona (Catalunya : Província). |b Diputació |9 52408 | |
| 901 | |a Arxiu | ||
| 942 | |n 1 |2 udc |c MON | ||
| 952 | |0 0 |1 0 |4 0 |6 FU387 |7 1 |9 51912 |a Arxiu |b Arxiu |d 2016-12-01 |l 0 |o FU-38-7 |p 21349 |r 2016-12-01 00:00:00 |w 2016-12-01 |y ARXIU | ||
| 999 | |c 55758 |d 55758 | ||